| 000 | 00441nam a2200181Ia 4500 | ||
|---|---|---|---|
| 005 | 20250603150003.0 | ||
| 008 | 250603s9999 xx 000 0 und d | ||
| 020 | _a978377168X | ||
| 050 | _aJF 1351 .U36/ | ||
| 100 | _aUjo, Abdulhameed A. | ||
| 245 | 0 | _aUnderstanding comparative public administration | |
| 260 | _aKaduna | ||
| 260 | _bJoyce Graphic Printers | ||
| 260 | _c2008 | ||
| 300 | _a177 p | ||
| 650 | _aKaduna | ||
| 942 | _cBK | ||
| 999 |
_c43434 _d43434 |
||